Music money and success : (Record no. 126824)

MARC details
000 -LEADER
campo de control de longitud fija 02470nam a22002537a 4500
003 - IDENTIFICADOR DE NÚMERO DE CONTROL
campo de control BJBSDDR
005 - FECHA Y HORA DE LA ÚLTIMA TRANSACCIÓN
campo de control 20260415090213.0
007 - CAMPO FIJO DE DESCRIPCIÓN FÍSICA--INFORMACIÓN GENERAL
campo de control de longitud fija ta
008 - DATOS DE LONGITUD FIJA--INFORMACIÓN GENERAL
campo de control de longitud fija 260415s2018 nyu||||| |||| 00| 0 eng d
020 ## - NÚMERO INTERNACIONAL ESTÁNDAR DEL LIBRO
Número Internacional Estándar del Libro 9781787601383
020 ## - NÚMERO INTERNACIONAL ESTÁNDAR DEL LIBRO
Número Internacional Estándar del Libro 1787601382
040 ## - FUENTE DE CATALOGACIÓN
Lengua de catalogación spa
Centro/agencia transcriptor BJBSDDR
041 ## - CÓDIGO DE IDIOMA
Código de lengua del texto/banda sonora o título independiente eng
050 ## - SIGNATURA TOPOGRÁFICA DE LA BIBLIOTECA DEL CONGRESO
Número de ítem B795 2018
100 1# - ENTRADA PRINCIPAL--NOMBRE DE PERSONA
Nombre de persona Brabec, Jeffrey
9 (RLIN) 47957
245 10 - MENCIÓN DEL TÍTULO
Título Music money and success :
Resto del título the insider's guide to making money in the music business /
Mención de responsabilidad, etc. Jeffrey Brabec, Todd Brabec
260 ## - PUBLICACIÓN, DISTRIBUCIÓN, ETC.
Lugar de publicación, distribución, etc. New York :
Nombre del editor, distribuidor, etc. Schirmer Trade Books,
Fecha de publicación, distribución, etc. 2018
300 ## - DESCRIPCIÓN FÍSICA
Extensión xxxi, 656 pages ;
Dimensiones 24 cm
505 ## - NOTA DE CONTENIDO CON FORMATO
Nota de contenido con formato Introduction<br/>Sources of income<br/>Music, money, songwriting, and music publishing<br/>Music, money, co-publishing, and administration<br/>Music, money, co-ventures, and joint ventures<br/>Music, money, and copyright<br/>Music, money, and the recording artist<br/>Music, money, and sampling<br/>Music, money, and television<br/>Music, money, and motion pictures<br/>Music, money, and commercials<br/>Music, money, and performances<br/>Music, money, and broadway<br/>Music, money, and video games<br/>Music, money, and digital media<br/>Music, money, and foreign countries<br/>Music, money, and putting it all together<br/>Music, money, and the buying and selling of songs<br/>Music, money, lawyers, managers, and agents<br/>Music, money, and breaking into the business<br/>Guide to music industry organizations<br/>Sample contracts<br/>Index
520 ## - RESUMEN, ETC.
Sumario, etc. The Insider's Guide to Making Money in the Music Business is the industry bible and the ultimate guide to making money in the music business. Music is a business of money, contracts, decisions and making the most of every opportunity. To succeed--to make money--to have a career--you have to know what you are doing in both music and business. This invaluable book tells you how the business works, what you must know to succeed, and how much money you can make in films, television, video games, ASCAP, BMI and SESAC, record sales, downloads and streams, advertising, ringtones and ringbacks, interactive toys and dolls, Broadway, new media, scoring contracts and synch licenses, music publishing, foreign countries, and much more. This indispensable reference is written by industry insiders Todd Brabec, Educator, Entertainment Law Attorney and former ASCAP Executive Vice President and Worldwide Director of Membership, and Jeff Brabec, Vice President of Business & Legal Affairs, BMG.
700 1# - ENTRADA AGREGADA--NOMBRE PERSONAL
Nombre de persona Brabec, Todd
9 (RLIN) 47958
942 ## - ELEMENTOS DE ENTRADA SECUNDARIOS (KOHA)
Fuente del sistema de clasificación o colocación Clasificación de Library of Congress
Suprimir en OPAC No
Tipo de ítem Koha Libro
946 ## - PROCESAMIENTO DE INFORMACIÓN LOCAL (OCLC)
Iniciales del agente catalogador cmc
Holdings
Estatus retirado Estado de pérdida Fuente del sistema de clasificación o colocación Estado de daño No para préstamo Colección Biblioteca de origen Biblioteca actual Ubicación en estantería Fecha de adquisición Signatura topográfica completa Código de barras Visto por última vez Copia número Tipo de ítem Koha
    Clasificación de Library of Congress     Automatización y Procesos Técnicos Biblioteca Juan Bosch Biblioteca Juan Bosch Automatización y Procesos Técnicos (1er. Piso) 15/04/2026 B795 2018 00000198961 15/04/2026 1 Libro